00422nam a2200157Ia 4500001000500000005001700005008004100022041000800063082001900071100004900090245007300139260000900212300002700221650000800248654000800256755920260306160504.0260306t2011||||xx |||||||||||||| ||spa|| aESP a351bU61 Nº 9 aUniversidad Católica Sedes sapientiaeeAUT 0aNuevo enfoque del presupuesto participativo en los gobiernos locales c2011 a82 páginas :c28 cm. aGEN aCAN